|
|
|
|
| LEADER |
00000nab a2200000 a 4500 |
| 001 |
vtls000927655 |
| 003 |
SK-MaSNL |
| 005 |
20260303033425.0 |
| 008 |
140301e20020128xo 0 slo |
| 035 |
|
|
|a KE36532
|
| 040 |
|
|
|a KEVKJB
|b slo
|c KEVKJB
|e AACR2
|
| 041 |
0 |
|
|a slo
|
| 044 |
|
|
|a xo
|c SK
|
| 080 |
|
|
|a 669.1
|2 1981
|
| 100 |
1 |
|
|a Kopřiva, Juraj, ml.
|4 aut
|9 1017163
|
| 245 |
1 |
0 |
|a O scenároch lovu na akcie VSŽ
|
| 610 |
2 |
7 |
|a Východoslovenské železiarne (Košice, Slovensko)
|2 KEVKJB
|
| 610 |
2 |
7 |
|a Transpetrol (Bratislava, Slovensko)
|2 KEVKJB
|9 878750
|
| 650 |
0 |
7 |
|a akcie z portfólia Transpetrolu, a.s.
|2 KEVKJB
|9 1017164
|
| 650 |
0 |
7 |
|a pozastavenie finančného vyrovnania akcií
|2 KEVKJB
|9 1017165
|
| 651 |
|
7 |
|a Košice (Slovensko)
|2 KEVKJB
|9 18694
|
| 773 |
0 |
8 |
|t Hospodárske noviny, č.19, 28.1.2002, s. 5
|
| 852 |
|
|
|a ZVYKNI
|b KIS3GCP
|
| 999 |
|
|
|c 1669945
|d 1671875
|